El extraño caso del Doctor Jekyll y el Señor Hyde /

En este clásico relato de Stevenson se unen diversas vertientes narrativas: la trama detectivesca, la construcción de una atmósfera de misterio, la justificación científica de ciertos acontecimientos extraños y la indagación psicológica humana. A partir de un original planteo del tema del doble, la...

Descripción completa

Guardado en:
Autor Principal: Stevenson, Robert Louis.
Otros Autores: Aira, César; trad.
Formato: Libro
Idioma:Undetermined
Publicado: Boulogne : Estrada, 2015.
Edición:3a ed. 1a reimp.
Series:Azulejos. Serie Roja ; 3
Materias:
Etiquetas: Agregar Etiqueta
Sin Etiquetas, Sea el primero en etiquetar este registro!
LEADER 01491nam a22002775a 4500
001 CEM.cems024884
008 250827s2015####xx############000#0#und#d
005 20250827130232.0
245 1 0 |a El extraño caso del Doctor Jekyll y el Señor Hyde /  |c Robert Louis Stevenson ; traducción de César Aira. 
250 |a 3a ed. 1a reimp. 
260 |a Boulogne :  |b Estrada,  |c 2015. 
300 |a 147 p. 
490 1 |a Azulejos. Serie Roja ;  |v 3 
500 |a Incluye actividades para el aula. 
520 |a En este clásico relato de Stevenson se unen diversas vertientes narrativas: la trama detectivesca, la construcción de una atmósfera de misterio, la justificación científica de ciertos acontecimientos extraños y la indagación psicológica humana. A partir de un original planteo del tema del doble, la historia explora la eterna contraposición entre lo bueno y lo malo, lo espiritual y lo material, la razón y la locura. 
020 |a 9789500116367 
100 1 |a Stevenson, Robert Louis. 
700 1 |a Aira, César; trad. 
653 |a Literatura inglesa 
653 |a Novela inglesa 
653 |a Novela policial 
859 |a CEMS  |b BIB. CEMS - 11 de abril  |h 823.8  |i St481a3  |p 30378.25  |t Ej.1 
859 |a CEMS  |b BIB. CEMS - 11 de abril  |h 823.8  |i St481a3  |p 30379.25  |t Ej.2 
859 |a CEMS  |b BIB. CEMS - 11 de abril  |h 823.8  |i St481a3  |p 30380.25  |t Ej.3 
859 |a CEMS  |b BIB. CEMS - 11 de abril  |h 823.8  |i St481a3  |p 30381.25  |t Ej.4 
859 |a CEMS  |b BIB. CEMS - 11 de abril  |h 823.8  |i St481a3  |p 30382.25  |t Ej.5